Statistiche per Paesi nominati nella pagina Wikipedia della Polonia

Clicka qui per fare il quiz!

Statistiche generali

  • Questo quiz è stato fatto 50 volte
  • Il punteggio medio è 15 su 20

Statistiche sulle risposte

Volte in cui viene nominatoIndizio (basato sul motivo per cui il pese è nominato nella pagina Wikipedia)Paese% Corretto
12Paese confinanteGermania
100%
6Paese confinanteRussia
98%
9Paese confinanteBielorussia
95%
2Paese confinanteSlovacchia
95%
8Paese confinanteUcraina
95%
2Paese confinanteCechia
93%
4Paese confinanteLituania
93%
5Paese che controllò la Polonia all'inizio dell'800Francia
91%
3Paese che ha influenzato l'arte e la cucina polaccaItalia
88%
3Paese contro cui la Polonia combatté le guerre del NordSvezia
86%
4Paese che partecipò alla spartizione della PoloniaAustria
84%
1Paese che condivise la sovranità della dinastia Jagellone con la PoloniaUngheria
81%
3Paese che sostenne l'indipendenza polacca dopo la Prima Guerra MondialeStati Uniti
79%
2Principale alleato della Polonia durante la Seconda Guerra MondialeRegno Unito
77%
1Dopo la Shoah, molti degli ebrei polacchi sopravvissuti emigrarono verso questo paeseIsraele
74%
1Alcuni analisti avevano erroneamente previsto che il PIL pro capite polacco avrebbe superato quello di questo paese entro il 2022Spagna
72%
1Alcuni analisti avevano erroneamente previsto che il PIL pro capite polacco avrebbe superato quello di questo paese entro il 2022Portogallo
65%
1La Polonia ha un Liberal Democratic Index pari a 0,4: simile a quello di questo paeseMessico
42%
1Questo paese, come la Polonia, riconosce l'Esperanto come patrimonio immateriale dell'umanitàCroazia
33%
1La Polonia ha un Liberal Democratic Index pari a 0,4: simile a quello di questo paeseKenya
7%

Distribuzione punteggi

Percentile per numero di risposta

Percentuale di utenti per punteggio

I tuoi punteggi nel tempo

Non hai fatto questo quiz